| 000 | 00642nam a22002057a 4500 | ||
|---|---|---|---|
| 005 | 20251108172937.0 | ||
| 008 | 250721s2004 xx 000 0 ara d | ||
| 082 | 1 | 4 | _aم/929.209565/عبا |
| 100 | 1 | _aالعبادي، أحمد عويدي | |
| 245 | 1 | 0 | _aالعشائر الأردنية الأرض و الإنسان و التاريخ / |
| 264 | 1 |
_aعمان : _bمكتبة المحتسب للنشر و التوزيع، _c2004. |
|
| 300 | _a702 ص. | ||
| 650 | 1 | 7 | _aالأردن |
| 650 | 1 | 7 | _aالقبائل |
| 650 | 1 | 7 | _aالتاريخ |
| 650 | 1 | 7 | _aالعشائر |
| 650 | 1 | 7 | _aالإنسان |
| 942 |
_2ddc _cREF |
||
| 999 |
_c92432 _d92432 |
||